مشروع لائحة جديدة لمجلس الشعب: (Record no. 12553)
[ view plain ]
| 000 -LEADER | |
|---|---|
| fixed length control field | 00713nam a22001457a 4500 |
| 008 - FIXED-LENGTH DATA ELEMENTS--GENERAL INFORMATION | |
| fixed length control field | 090809t xxu||||| |||| 00| 0 eng d |
| 020 ## - INTERNATIONAL STANDARD BOOK NUMBER | |
| International Standard Book Number | 9770433209 |
| 082 ## - DEWEY DECIMAL CLASSIFICATION NUMBER | |
| Classification number | 328.36530962 |
| Item number | ص ا و |
| 245 ## - TITLE STATEMENT | |
| Title | مشروع لائحة جديدة لمجلس الشعب: |
| Remainder of title | دراسة سياسية وقانونية/ |
| Statement of responsibility, etc | على الصاوى |
| 260 ## - PUBLICATION, DISTRIBUTION, ETC. (IMPRINT) | |
| Place of publication, distribution, etc | القاهرة: |
| Name of publisher, distributor, etc | دار النهضة العربية، |
| Date of publication, distribution, etc | 2001 |
| 300 ## - PHYSICAL DESCRIPTION | |
| Extent | ؛356 ص |
| Dimensions | 19 سم |
| 651 ## - SUBJECT ADDED ENTRY--GEOGRAPHIC NAME | |
| 9 (RLIN) | 8389 |
| Geographic name | مصر |
| General subdivision | -- مجلس الشعب-- لوائح وممارسات |
| 942 ## - ADDED ENTRY ELEMENTS (KOHA) | |
| Source of classification or shelving scheme | Dewey Decimal Classification |
| Item type | Book - Borrowing |
| Withdrawn status | Item status | Source of classification or shelving scheme | Damaged status | Not for loan | Vendor | Home library | Current library | Shelving location | Date acquired | Source of acquisition | Total Checkouts | Full call number | Barcode | Date last seen | Koha item type |
|---|---|---|---|---|---|---|---|---|---|---|---|---|---|---|---|
| Dewey Decimal Classification | Alef-Baa | Central Library | Central Library | First floor | 09/08/2009 | 328.36530962 مشر | 000017856 | 15/07/2025 | Book - Borrowing |